Central Library OPAC University of Rajshahi

Selections from Rusticus loquitur, or, The old light & the new / (Record no. 2573)

MARC details
000 -LEADER
fixed length control field 00621nam a22002052i 4500
001 - CONTROL NUMBER
control field 2573
003 - CONTROL NUMBER IDENTIFIER
rucl marc code BD-RjUL
005 - DATE AND TIME OF LATEST TRANSACTION
control field 20211208233601.0
008 - FIXED-LENGTH DATA ELEMENTS--GENERAL INFORMATION
fixed length control field 500101s1954 xxk 000 0 eng d
035 ## - SYSTEM CONTROL NUMBER
System control number (BD-RjUL)2600
040 ## - CATALOGING SOURCE
Original cataloging agency UKM
Transcribing agency UKM
Modifying agency EQO
-- BD-RjUL
Language of cataloging eng
041 ## - LANGUAGE CODE
Language code of text/sound track or separate title eng
082 ## - DEWEY DECIMAL CLASSIFICATION NUMBER
Classification number 306.0954914
Edition number 23
Author mark and year DAS 1954
100 1# - MAIN ENTRY--PERSONAL NAME
Personal name Darling, Malcolm
9 (RLIN) 8314
245 10 - TITLE STATEMENT
Title Selections from Rusticus loquitur, or, The old light & the new /
Statement of responsibility, etc. by Malcolm Darling
260 ## - PUBLICATION, DISTRIBUTION, ETC. (IMPRINT)
Place of publication, distribution, etc. London :
Name of publisher, distributor, etc. Oxford University Press ,
Date of publication, distribution, etc. 1954.
300 ## - PHYSICAL DESCRIPTION
Pagination vi, 62 p. ;
Size 19 cm
650 ## - SUBJECT ADDED ENTRY--TOPICAL TERM
Topical term or geographic name as entry element Ethnology
Geographic subdivision India
-- Punjab.
9 (RLIN) 8315
942 ## - ADDED ENTRY ELEMENTS (KOHA)
Source of classification or shelving scheme Dewey Decimal Classification
Koha item type Books
Holdings
Lost status Source of classification or shelving scheme Damaged status Not for loan Collection code Permanent Location Current Location Shelving location Date acquired Source of acquisition Cost, normal purchase price Total Checkouts Full call number Date last seen Copy number Koha item type
  Dewey Decimal Classification   Not For Loan Non-fiction Central Library, University of Rajshahi Central Library, University of Rajshahi Reading Room 12/02/1955 O.U.P 3.40   306.0954914 DAS 1954 12/12/2013 C-1 Books
  Dewey Decimal Classification     Non-fiction Central Library, University of Rajshahi Central Library, University of Rajshahi   12/02/1955 O.U.P 3.40   306.0954914 DAS 1954 12/12/2013 C-3 Books
  Dewey Decimal Classification     Non-fiction Central Library, University of Rajshahi Central Library, University of Rajshahi   03/12/2017       306.0954914 DAS 1954 03/12/2017 C-2 Books